00482nam a22001457a 450000500170000000800410001702000150005804100130007308200130008610000410009924500840014026000570022430000290028165000260031020240122134058.0240122b |||||||| |||| 00| 0 eng d a0409003964 aEnglish  a349 JOU  aJoubert, WA and Scott, TJ lEnglish  aThe Law of South Africa : Consolidated Index (A-L) / cWA Joubert and TJ Scott  aDurban : bButterworth Publishers (Pty) Ltd, c1995  b1292 pages ; c26,5 cm. aLegal practice bLaw